|
|
|
|
| LEADER |
00000cam a2200000 7i4500 |
| 001 |
0000003280 |
| 005 |
20240926.0 |
| 008 |
991202 my may |
| 040 |
|
|
|a INS
|b eng
|e rda
|
| 090 |
0 |
0 |
|a BP161.2
|b .K459 1982
|
| 245 |
0 |
0 |
|a Islam :
|b Its meaning and message
|c edited by Khursid Ahmad
|f Foreword by Salem Azzam
|
| 250 |
|
|
|a Third Edition
|
| 264 |
|
1 |
|a Kuala Lumpur :
|b Dewan Pustaka Islam
|c 1982
|
| 300 |
|
|
|a 279 pages ;
|c 21 cm.
|
| 336 |
|
|
|a text
|2 rdacontent
|
| 337 |
|
|
|a unmediated
|2 rdamedia
|
| 338 |
|
|
|a volume
|2 rdacarrier
|
| 650 |
|
0 |
|a Islam
|
| 700 |
0 |
|
|a Khursid Ahmad ,
|e editor
|
| 700 |
0 |
|
|a Salem Azzam ,
|e editor
|
| 999 |
|
|
|a 0000002631
|b BOOK
|c Open Shelf
|e Default branch
|